00509nam a2200193 a 4500001001300000003000900013005001700022008004100039020001000080082001400090100002700104245003200131260004800163300000900211500003500220505001000255650002300265700002700288nice12345678IN_TiNIC20260116012651.0050524s1974 dela grp 000 0 urd  ac2.500a297bSID1 aSiddiqui, Abdul Hameed aIslam Ka Raushan Mustakhbal aDelhibMarkazi Maktaba Jamat-E-Islamic1974 a103p aincludes index and biblioraphy2 aIndex aIslam-Meccan Trade1 aSiddiqui, Abdul Hameed